Régions naturelles francaises - Statistiques

Statistiques générales
  • Ce quiz a été pris 116 fois
  • Le résultat moyen est 29 sur 389
Statistiques - réponses
Département(s) Région Naturelle % Correct
Ain/Jura/Saône-et-Loire Bresse
44%
Loir-Et-Cher/ Loiret/Cher Sologne
42%
Eure-et-Loir/ Loiret/Loir-Et-Cher Beauce
38%
Bouches-du-Rhône/Gard Camargue
37%
Seine-et-Marne Brie
36%
Eure/ Oise/Val-d'Oise Vexin
35%
Pyrénées-Atlantiques Béarn
34%
Lozère/ Ardèche/ Gard Cévennes
34%
Pyrénées-Atlantiques Pays Basque
33%
Eure-et-Loir/ Orne/Loir-et-Cher Perche
33%
Pas-de-Calais Artois
31%
Manche Cotentin
31%
Nièvre/ Saône-et-Loire/Côte-d'Or/ Yonne Morvan
31%
Lozère/ Aveyron/ Cantal Aubrac
30%
Marne/ Aube Champagne
30%
Isère/ Drome Vercors
29%
Nord Flandre
27%
Loire Forez
27%
Rhône Beaujolais
26%
Ain Bugey
26%
Gironde Médoc
26%
Côte-d'Or Dijonnais
25%
Ain Dombes
25%
Loiret/ Seine-Et-Marne Gâtinais
25%
Ain Pays de Gex
25%
Seine-Maritime Pays de Caux
24%
Dordogne Périgord Noir
24%
Finistère Léon
22%
Nièvre Nivernais
22%
Alpes-Maritimes Mercantour
21%
Dordogne Périgord Vert
21%
Pyrénées-Orientales Roussillon
21%
Puy-de-Dôme Limagne
20%
Vaucluse Luberon
20%
Paris/ Seine-Saint-Denis/Seine-et-Marne/ Val d'Oise Parisis
20%
Charente-Maritime Aunis
19%
Hautes-Pyrénées Bigorre
19%
Vendée Marais Poitevin
19%
Calvados Pays d'Auge
19%
Ardennes Ardennes
18%
Aveyron/Hérault/Gard Larzac
18%
Saône-et-Loire Maconnais
18%
Savoie Maurienne
18%
Yonne Auxerrois
17%
Haute-Loire Velay
17%
Oise Clermontois
16%
Aude Corbières
16%
Puy-de-Dôme Livradois
16%
Loire-Atlantique Pays de Retz
16%
Oise Beauvaisis
15%
Pas-de-Calais Boulonnais
15%
Indre Brenne
15%
Finistère/ Morbihan Cornouaille
15%
Rhône Monts du Lyonnais
15%
Loire-Atlantique Pays Nantais
15%
Hautes-Alpes Queyras
15%
Aisne Soissonais
15%
Cotes-d'Armor/Finistère Trégor
15%
Alpes-de-Haute-Provence Verdon
15%
Côte-d'Or Auxois
13%
Drôme Baronnies
13%
Vendée Bocage Vendéen
13%
Hautes-Alpes Brianconnais
13%
Jura Haut Jura
13%
Essonne Hurepoix
13%
Lozère/ Haute-Loire Margeride
13%
Bouches-du-Rhône Marseillais
13%
Aude Narbonnais
13%
Isère Terres Froides
13%
Oise Valois
13%
Loir-Et-Cher Vendômois
13%
Tarn Albigeois
12%
Somme Amiénois
12%
Pas-de-Calais Calaisis
12%
Saône-et-Loire Charolais
12%
Aude/Hérault Minervois
12%
Alpes-Maritimes Pays Niçois
12%
Haute-Marne Plateau de Langres
12%
Loire Roannais
12%
Maine-Et-Loire Saumurois
12%
Morbihan Vannetais
12%
Aisne Vermandois
12%
Haute-Garonne/Hautes-Pyrénées Comminges
11%
Deux-Sèvres Gâtine
11%
Haute-Savoie Genevois
11%
Isère Grésivaudan
11%
Gironde Libournais
11%
Aude/Hérault/Tarn Montagne Noire
11%
Cantal Monts du Cantal
11%
Seine-Maritime Pays de Bray
11%
Cotes-d'Armor/ Ille-et-Vilaine Pays de Saint-Malo
11%
Calvados/Orne Suisse Normande
11%
Savoie Tarentaise
11%
Ardennes/Marne/Meuse Argonne
10%
Lot/ Tarn-Et-Garonne Causses du Quercy
10%
Aisne Laonnois
10%
Meurthe-Et-Moselle Lunévillois
10%
Puy-de-Dôme Monts Dore
10%
Moselle Pays Messin
10%
Savoie Savoie Propre
10%
Haute-Loire Brivadois
9%
Puy-de-Dôme/ Cantal Cézallier
9%
Saône-et-Loire Chalonnais
9%
Drôme Drôme Provençale
9%
Doubs Haut Doubs
9%
Ardèche Haut Vivarais
9%
Tarn-et-Garonne Montalbanais
9%
Haute-Saône Pays de Lure
9%
Doubs Pays de Montbéliard
9%
Ille-et-Vilaine Pays de Rennes
9%
Haute-Garonne Pays Toulousain
9%
Cher Sancerrois
9%
Isère Trièves
9%
Puy-de-Dôme/ Cantal Artense
8%
Ardèche Bas Vivarais
8%
Hérault Biterrois
8%
Loir-Et-Cher Blesois
8%
Tarn Castrais
8%
Haute-Savoie Chablais
8%
Charente Cognaçais
8%
Vaucluse Comtat Venaissin
8%
Ariège Couserans
8%
Jura Dolois
8%
Gironde Entre Deux Mers
8%
Lot-Et-Garonne Marmandais
8%
Var Maures
8%
Isère Oisans
8%
Territoire de Belfort Pays de Belfort
8%
Moselle Pays de Bitche
8%
Ariège Pays de Foix
8%
Ille-et-Vilaine Pays de Fougères
8%
Meurthe-Et-Moselle Pays de Nancy
8%
Haute-Saône Pays de Vesoul
8%
Calvados Plaine de Caen
8%
Lot/ Tarn-Et-Garonne Quercy Blanc
8%
Yonne Tonnerrois
8%
Meurthe-Et-Moselle Toulois
8%
Vosges Vôge
8%
Mayenne/ Sarthe Alpes Mancelle
7%
Bas-Rhin Alsace Bossue
7%
Saône-et-Loire Autunois
7%
Cantal Chataigneraie
7%
Eure-et-Loir Drouais
7%
Var Esterel
7%
Landes/ Gironde Grandes Landes
7%
Haut-Rhin | Vosges Hautes Vosges
7%
Yvelines/ Hauts-de-Seine Mantois
7%
Bouches-du-Rhône Pays d'Aix
7%
Gers Pays d'Auch
7%
Hautes-Alpes Pays de Buëch
7%
Mayenne Pays de Laval
7%
Corrèze Pays de Tulle
7%
Meurthe-Et-Moselle Pays Haut
7%
Cantal Planeze
7%
Vienne Poitevin
7%
Yonne Senonais
7%
Aisne/Marne Tardenois
7%
Moselle Thionvillois
7%
Yonne Avalonnais
6%
Savoie Beaufortin
6%
Calvados Bessin
6%
Gironde Blayais
6%
Pyrénées-Orientales Cerdagne
6%
Landes Chalosse
6%
Cher/Indre Champagne Berrichonne
6%
Isère Champsaur
6%
Côte-d'Or Chatillonnais
6%
Haute-Marne Chaumontais
6%
Allier/Creuse/Puy-de-Dome Combrailles
6%
Aveyron/Lozère Grandes Causses
6%
Maine-Et-Loire Mauges
6%
Gironde Pays de Buch
6%
Haute-Saône Pays de Gray
6%
Doubs Pays Horloger
6%
Deux-Sèvres Pays Niortais
6%
Landes Petites Landes
6%
Ain/Jura Revermont
6%
Moselle Saulnois
6%
Aisne Thierarche
6%
Drôme Valentinois
6%
Hautes-Alpes Valgaudemar
6%
Jura Vignoble du Jura
6%
Haute-Vienne Basse Marche
4%
Dordogne Bergeracois
4%
Mayenne Bocage Mayennais
4%
Indre Boischaut Nord
4%
Cher/Indre Boischaut Sud
4%
Haute-Corse Cap Corse
4%
Gers Condomois
4%
Isère Dévoluy
4%
Bas-Rhin Foret d'Haguenau
4%
Hautes-Alpes Gapencais
4%
Seine-et-Marne Goële
4%
Bas-Rhin/ Haut-Rhin Grand Ried
4%
Gironde Graves
4%
Haut-Rhin Jura Alsacien
4%
Cantal Mauriacois
4%
Dordogne Nontronnais
4%
Bas-Rhin Outre Foret
4%
Loire-Atlantique Pays d'Ancenis
4%
Doubs Pays de Besançon
4%
Corrèze Pays de Brive
4%
Alpes-de-Haute- Provence Pays de Forcalquier
4%
Moselle Pays de Sarrebourg
4%
Ille-et-Vilaine Pays de Vitré
4%
Yonne/ Aube Pays d'Othe
4%
Sarthe Pays Manceau
4%
Var Pays Toulonnais
4%
Cotes-d'Armor/Morbihan Porhoët
4%
Alpes-de-Haute- Provence Préalpes de Digne
4%
Charente-Maritime Royannais
4%
Maine-Et-Loire Segréen
4%
Alpes-de-Haute- Provence Sisteronnais
4%
Allier/Nièvre/Saône-et-Loire Sologne Bourbonnaise
4%
Alpes-de-Haute- Provence Ubaye
4%
Meuse Val de Meuse
4%
Meuse Woëvre
4%
Pas-de-Calais Audomarois
3%
Haute-Marne Bassigny
3%
Vienne Châtelleraudais
3%
Gard Costières
3%
Var Dracénois
3%
Pyrénées-Orientales Fenouillèdes
3%
Indre-et-Loire/Loir-Et-Cher Gâtine Tourangelle
3%
Loire-Atlantique Guerande
3%
Haut-Rhin Hardt
3%
Creuse Haute Marche
3%
Charente-Maritime Haute Saintonge
3%
Hautes-Pyrénées Lavedan
3%
Hérault Lodèvois
3%
Gers / Tarn-et-Garonne/Haute-Garonne Lomagne
3%
Vendée Marais Vendéen
3%
Pas-de-Calais Montreuillois
3%
Puy-de-Dôme Monts Dôme
3%
Manche Mortainais
3%
Aisne Orxois
3%
Meurthe-Et-Moselle Pays de Pont à Mousson
3%
Corrèze Pays d'Ussel
3%
Yvelines Pays d'Yvelines
3%
Alpes-Maritimes Pays Vençois
3%
Bouches-du-Rhône Plaine de la Crau
3%
Creuse/ Corrèze/Haute-Vienne Plateau des Millevaches
3%
Somme Ponthieu
3%
Aveyron Ruthenois
3%
Charente-Maritime Saintonge Romane
3%
Corse-du-Sud Sartenais
3%
Eure-et-Loir Thymerais
3%
Drôme Tricastin
3%
Landes Tursan
3%
Maine-Et-Loire Val d'Anjou
3%
Cher Val de Germigny
3%
Loiret Val de Loire Orléanais
3%
Haute-Corse Balagne
2%
Gironde Bazadais
2%
Deux-Sèvres Bocage Bressuirais
2%
Calvados Bocage Virois
2%
Ardèche Boutières
2%
Orne Campagne d'Alençon
2%
Isère/ Drome Chambaran
2%
Haute-Corse Cortenais
2%
Mayenne Craonnais
2%
Tarn Gaillacois
2%
Gard Garrigues
2%
Indre-et-Loire Gâtine de Loches
2%
Hautes-Pyrénées Haut Adour
2%
Lot-Et-Garonne Haut Agenais
2%
Bas-Rhin Kochersberg
2%
Aveyron Levezou
2%
Vienne Loudunais
2%
Hautes-Pyrénées Magnoac
2%
Sarthe Maine Angevin
2%
Mayenne Mayenne Angevine
2%
Vienne Montmorillonnais
2%
Corse-du-Sud Pays d'Ajaccio
2%
Landes Pays de Born
2%
Loire-Atlantique/ Morbihan Pays de la Vilaine
2%
Cotes-d'Armor Pays de Saint-Brieux
2%
Vendée Pays d'Olonne
2%
Deux-Sèvres Pays Mellois
2%
Indre-et-Loire Richelais
2%
Charente-Maritime Rochefortais
2%
Aveyron Saint-Affricain
2%
Somme Santerre
2%
Gers Saves
2%
Aveyron/Tarn Segala
2%
Indre-et-Loire/ Loir-Et-Cher Val de Loire Tourangeau
2%
Meurthe-Et-Moselle Vermois
2%
Aveyron Viadène
2%
Haute-Saône Vosges Sâonnoise
2%
Moselle Warndt
2%
Ariège Aganaguès
1%
Lot-Et-Garonne/ Landes Albret
1%
Pyrénées-Orientales Aspres
1%
Gers Astarac
1%
Manche Avranchain
1%
Haute-Marne Barrois Champenois
1%
Gers/ Landes Basarmagnac
1%
Maine-Et-Loire Baugeois
1%
Allier Bocage Boubonnais
1%
Sarthe Calaisien
1%
Orne Campagne d'Argentan
1%
Pyrénées-Orientales Conflent
1%
Haute-Corse Costa Serena
1%
Isère Crémieu
1%
Vosges Deodatie
1%
Corse-du-Sud Deux Sévi
1%
Corrèze Dordogne Limousine
1%
Dordogne Double
1%
Hautes-Alpes Embrunais
1%
Alpes-Maritimes Haute Vallée du Var
1%
Dordogne Landais
1%
Aude/Tarn/Haute-Garonne Laurageais
1%
Allier Limagne Boubonnaise
1%
Somme Marquenterre
1%
Allier Montagne Boubonnaise
1%
Hérault Montpellierais
1%
Hérault Monts de l'Espinousse
1%
Haut-Rhin Ochsenfeld
1%
Aveyron Pays de Conques
1%
Bas-Rhin Pays de Hanau
1%
Loire-Atlantique Pays de la Mée
1%
Moselle Pays de la Nied
1%
Haute-Vienne Pays de la Vienne
1%
Vienne Pays de Lusignan
1%
Vaucluse Pays de Sault
1%
Oise Pays de Thelle
1%
Ariège Pays d'Olmes
1%
Haute-Savoie Pays du Mont-Blanc
1%
Corrèze Pays d'Uzerche
1%
Deux-Sèvres Pays Thouarsais
1%
Marne/ Haute-Marne Perthois
1%
Vendée Plaine Vendéenne
1%
Indre-et-Loire Plateau de Sainte-Maure
1%
Ardennes Porcien
1%
Aude Razès
1%
Haute-Garonne Rivière-Verdun
1%
Charente Ruffecois
1%
Sarthe Saosnois
1%
Haute-Marne Vallage
1%
Hautes-Pyrénées Vallée d'Aure
1%
Drôme Vallée de la Drome
1%
Pyrénées-Orientales Vallespir
1%
Ariège Vicdessos
1%
Somme Vimeu
1%
Haute-Garonne Volvestre
1%
Bas-Rhin/ Haut-Rhin Vosges Centrale
1%
Corrèze Xaintrie
1%
Charente Augoumois
0%
Haute-Corse Bagnaja
0%
Meuse Barrois Lorain
0%
Aveyron Bassin de Décazeville
0%
Lot Bouriane
0%
Lot-Et-Garonne Brulhois
0%
Aude Carcassès
0%
Aveyron/Cantal Carladès
0%
Haute-Corse Castagniccia
0%
Charente Charente Limousine
0%
Vienne Chauvinois
0%
Vienne Civraisien
0%
Aube Cote des Bards
0%
Orne Domfrontais
0%
Aude Donezan
0%
Gers Fezensaguet
0%
Aube Grands Lacs
0%
Nord Hainaut-Cambraisis
0%
Tarn Lacaunais
0%
Eure Lieuvin
0%
Lot Limargue
0%
Eure Marais Vernier
0%
Landes Marensin
0%
Vienne Mirebalais
0%
Charente Montmorélien
0%
Haute-Corse Nebbio
0%
Var Pays Brignolais
0%
Creuse Pays de Bourganeuf
0%
Vosges Pays de Neufchâteau
0%
Gers/ Landes/Hautes-Pyrénées Pays de Rivière Basse
0%
Lot-Et-Garonne Pays de Serres
0%
Charente Pays d'Horte et Tardoire
0%
Eure/ Orne Pays d'Ouche
0%
Ariège Pedaguès
0%
Eure Plateau du Neubourg
0%
Eure Plateau Saint-André
0%
Loiret/ Yonne Puisaye Forterre
0%
Dordogne Ribarecois
0%
Ariège Sabarthès
0%
Corse-du-Sud Taravu
0%
Aveyron Terrefort
0%
Aucun quiz correspondant
Distribution des résultats
% des personnes avec chaque résultat
Percentile par nombre de réponses
Votre historique - résultats
Vous n’avez pas pris ce quiz